Sports Quiz

Random Sports or Baseball Quiz
Score 0/12 Timer 20:00
0 Plays Today
Question Answer Wrong Answers
Mike Trout New Jersey
93.3%
New york
0%
Florida
6.7%
Texas
0%
Clayton kershaw Texas
93.3%
California
6.7%
Florida
0%
New Hampshire
0%
Bryce Harper Nevada
93.3%
Texas
0%
California
6.7%
Philadelphia
0%
Pete Alonso Florida
80%
New Jersey
0%
New York
6.7%
Georgia
13.3%
Gerrit Cole California
73.3%
Texas
13.3%
Florida
13.3%
Nevada
0%
Tim Anderson Alabama
66.7%
Colorado
6.7%
Iowa
13.3%
Maine
13.3%
Brett Gardener South Carolina
66.7%
Florida
0%
Alabama
6.7%
Indiana
26.7%
Aaron Nola Louisiana
60%
Oregon
6.7%
Rhode Island
6.7%
Tennessee
26.7%
Luke Voit Missouri
60%
New Jersey
20%
Kansas
13.3%
Florida
6.7%
JA Happ Illinois
53.3%
Arkansas
6.7%
Texas
13.3%
Kentucky
26.7%
Chance Sisco California
40%
New Jersey
20%
Oklahoma
40%
Nevada
0%
Dominic Smith California
33.3%
Texas
20%
Wisconsin
0%
Delaware
46.7%
Come Together.
Have Fun.
All Virtual.
We all need to come together. Play Sporcle's virtual live trivia to have fun, connect with people, and get your trivia on. Join a live hosted trivia game for your favorite pub trivia experience done virtually. If a virtual private party is more your thing, go here for details.

You're not logged in!

Compare scores with friends on all Sporcle quizzes.
OR
Log In

Sporcle TV

Today on Sporcle TV


Watch our educational content, quiz creation guides, and fun videos on Sporcle TV.

Show Comments

Extras

Created Feb 6, 2020ReportNominate
Tags:Baseball Quiz, MLB Player

Top Quizzes Today


Score Distribution

Paid Content

Your Account Isn't Verified!

In order to create a playlist on Sporcle, you need to verify the email address you used during registration. Go to your Sporcle Settings to finish the process.

Report this User

Report this user for behavior that violates our Community Guidelines.

Details: